000 00473nam a22001457a 4500
999 _c3319
_d3319
008 200608b ||||| |||| 00| 0 eng d
082 0 0 _a623.8
_bT165
110 _92794
_aTanker Structure Co-operative Forum
245 1 0 _aCondition evaluation and maintenance of tanker structures /
_cby Tanker Structure Co-operative Forum.
250 _a6th ed.
260 _aLondon :
_bWitherby Publishing Group,
_cc.
300 _ax
650 0 _aShips--Maintenance and Repair
942 _cBK